000 00367nam a2200145Ia 4500
008 230711s9999||||xx |||||||||||||| ||und||
041 _aENG
082 _a677
_bJA-T
100 _aJaya Prakasant
245 0 _aHandbook for the textile technician
250 _a1st Ed.
260 _c1997
_aNew Delhi
_bMahajan Publication
650 _aTextile Engineering
942 _cBK
999 _c3631
_d3631